书目信息 |
| 题名: |
用电安全技术
|
|
| 作者: | ;北京内燃机总厂电工群众管理组 , 北京经济学院安全技术专业 编 | |
| 分册: | ||
| 出版信息: | 北京 石油化学工业出版社 1977 |
|
| 页数: | 187页 | |
| 开本: | 19cm | |
| 丛书名: | 劳动保护丛书 | |
| 单 册: | ||
| 中图分类: | TM08 | |
| 科图分类: | ||
| 主题词: | 电工--安全 | |
| 电子资源: | ||
| ISBN: | ||
| 000 | 00903nam2 2200277 45 | |
| 001 | 0177003223 | |
| 005 | 20040521091305.8 | |
| 010 | @dCNY0.43 | |
| 091 | @a15063.化210 | |
| 100 | @a19951011d1977 em y0chiy0121 ea | |
| 101 | 0 | @achi |
| 102 | @aCN@b110000 | |
| 105 | @ay z 000yy | |
| 106 | @ar | |
| 200 | 10 | @a用电安全技术@Ayong dian an quan ji shu@f北京内燃机总厂电工群众管理组,北京经济学院安全技术专业编 |
| 210 | @a北京@c石油化学工业出版社@d1977 | |
| 215 | @a187页@d19cm | |
| 225 | 2 | @a劳动保护丛书 |
| 410 | 0 | @120010@a劳动保护丛书 |
| 606 | 0 | @a电工@x安全 |
| 690 | @aTM08 | |
| 711 | 02 | @a北京内燃机总厂电工群众管理组@Abei jing nei ran ji zong chang dian gongqun zhong guan li zu@4编 |
| 711 | 02 | @a北京经济学院安全技术专业@Abei jing jing ji xue yuan an quan ji shu zhuan ye@4编 |
| 801 | 0 | @aCN@b广东省中山图书馆@c20040521 |
| 801 | 2 | @aCN@bNLC@c20040521 |
| 905 | @f2@b8635-636@dTM08@e7 | |
| 用电安全技术/北京内燃机总厂电工群众管理组,北京经济学院安全技术专业编.-北京:石油化学工业出版社,1977 |
| 187页;19cm.-(劳动保护丛书) |
| ISBN :CNY0.43 |
| ● |
| 相关链接 |
|
|
|
|
正题名:用电安全技术
索取号:TM08/7
 
预约/预借
| 序号 | 登录号 | 条形码 | 馆藏地/架位号 | 状态 | 备注 |
| 1 | 0008632 | 202391731 | 密集书库/ [索取号:TM08/7] | 在馆 | |
| 2 | 0008634 | 202391722 | 密集书库/ [索取号:TM08/7] | 在馆 | |
| 3 | 0008635 | 000800002 | 第三借阅区/ [索取号:TM08/7] | 在馆 | |
| 4 | 0008636 | 000799960 | 第三借阅区/ [索取号:TM08/7] | 在馆 |